000 00744nam a2200241 a 4500
999 _c11999
_d11999
001 11999
003 BD-JhCC
005 20210303082809.0
008 210303b20102016bg a|||| |||| 001 0 mul d
020 _a98484801924
035 _a(BD-JhCC)11999
040 _aBD-JhCC
_dBD-JhCC
041 _amul
082 _a005.446
_bRAH 2016
100 _aরহমান, মাহবুবুর
245 _aWindows 7
_cমাহবুবুর রহমান
260 _aঢাকা :
_bসিসটেক পাবলিকেন্স লিমিটেড;
_c২০১৬.
300 _a399
_bill
_c24 cm.
650 _aOperating systems (Computers)
650 _aMicrosoft Windows (Computer file)
942 _2ddc
_cBK